| 000 | 00878pam a2200289 a 4500 | ||
|---|---|---|---|
| 999 |
_c8776 _d8776 |
||
| 001 | 8776 | ||
| 003 | BD-JhCC | ||
| 005 | 20180303200132.0 | ||
| 008 | 950926s1996 njua 001 0 eng | ||
| 020 | _a0133853373 (soft cover : alk. paper) | ||
| 035 | _a(BD-JhCC)8776 | ||
| 040 |
_aDLC _cDLC _dDLC _dBD-JhCC |
||
| 041 | _aeng | ||
| 050 | 0 | 0 |
_aPE1128 _b.M6753 1996 |
| 082 | 0 | 0 |
_a428.2/4 _220 _bMOL 1996 |
| 100 | 1 | _aMolinsky, Steven J. | |
| 245 | 1 | 0 |
_aExpressWays 2 / _cSteven J. Molinsky, Bill Bliss ; contributing author, Ann Kennedy. |
| 246 | 3 | _aExpress ways 2 | |
| 250 | _a2nd ed. | ||
| 260 |
_aUpper Saddle River, N.J. : _bPrentice Hall Regents, _cc1996. |
||
| 300 |
_axiv, 190 p. : _bcol. ill. ; _c28 cm. |
||
| 500 | _aIncludes index. | ||
| 650 | 0 |
_aEnglish language _xTextbooks for foreign speakers. |
|
| 700 | 1 | _aBliss, Bill. | |
| 942 |
_2ddc _cBK |
||